000 00557nam a2200205 i 4500
001 bg
245 0 0 _aFundamental financial accounting concepts /
_cThomas P. Edmonds [et al.].
250 _a2nd ed.
260 _aBoston [etc.] :
_bIrwin :
_bMcGraw-Hill,
_ccop.1998.
300 _aXXII, 665 s. :
_bfot., wykr. ;
_c26 cm.
650 9 _aRachunkowość
700 1 _aEDMONDS, Thomas P.
020 _a0070217785
040 _cBPK
041 0 _apl
080 _a657
920 _a0-07-021778-5
942 _cKS
008 s pl f |000 0 pol
999 _c34684
_d34684
856 _uhttp://koha.tu.koszalin.pl/cgi-bin/koha/opac-detail.pl?biblionumber=34684
_yKatalog online BPK